| 000 | 00942pam a2200277 a 4500 | ||
|---|---|---|---|
| 999 |
_c7307 _d7307 |
||
| 001 | 3397884 | ||
| 003 | OSt | ||
| 005 | 20210930160918.0 | ||
| 008 | 890419s1990 enka b 001 0 eng | ||
| 010 | _a 89009766 | ||
| 020 | _a0521343917 | ||
| 020 | _a052134865X (pbk.) | ||
| 040 |
_aDLC _cDDC _dDLC |
||
| 050 | 0 | 0 |
_aQL47.2 _b.A44 1990 |
| 082 | 0 | 0 | _a590MCN 1990 |
| 100 | 1 |
_aAlexander,McNeill R. _914990 |
|
| 245 | 1 | 0 |
_aAnimals. _cEdited by Alexander,McNeill R. |
| 260 |
_aNew York : _bCambridge University Press, _c1990. |
||
| 300 |
_avii,509p. _bill. ; _c26 cm. |
||
| 504 | _aIncludes; bibliographical references and index. | ||
| 650 | 0 |
_aBiology _95602 |
|
| 856 | 4 | 2 |
_3Publisher description _uhttp://www.loc.gov/catdir/enhancements/fy0835/89009766-d.html |
| 856 | 4 | 1 |
_3Table of contents only _uhttp://www.loc.gov/catdir/enhancements/fy0835/89009766-t.html |
| 906 |
_a7 _bcbc _corignew _d1 _eocip _f19 _gy-gencatlg |
||
| 942 |
_2ddc _cO_SHELF |
||